| 000 | 00432nam a22001697a 4500 | ||
|---|---|---|---|
| 003 | macl | ||
| 005 | 20151223182240.0 | ||
| 008 | 151223b xxu||||| |||| 00| 0 eng d | ||
| 040 | _cmacl | ||
| 041 | _aEnglish | ||
| 082 | _a630/BAO | ||
| 100 |
_aRao N. Chandrasekhara _922666 |
||
| 245 | _aBiotechnology In Indian Agriculture | ||
| 260 |
_aNew Delhi _bAcadmeic Foundation _c2010 |
||
| 650 |
_aAgriculture _922667 |
||
| 942 |
_2ddc _cBK |
||
| 999 |
_c51818 _d51818 |
||